000
00283nam a22001217a 4500
008
180425b xxu||||| |||| 00| 0 eng d
041
_a
eng
080
_a
043.3
100
_a
0
101
_a
SHKI-MTH
245
_a
ISO 27001 dhe aplikimi i tij në Kosovë
_c
Gashi,M
942
_2
udc
_c
BK
999
_c
45530
_d
45530